| 000 | 00634nam a2200229Ia 4500 | ||
|---|---|---|---|
| 001 | dia_1288 | ||
| 003 | CHAP | ||
| 005 | 20230126115422.0 | ||
| 008 | 220117s1980 xx 000 0 und d | ||
| 010 | _a171826 | ||
| 040 | _cCHAP | ||
| 082 | _a574.0182 E3 | ||
| 100 |
_aEason, G. _934995 |
||
| 245 | _aMathematics and Statistics for the Bio-sciences, by G. E. and G. Gettinby. | ||
| 260 |
_aNew York, John Wiley and Sons _c1980 |
||
| 300 | _a578 pp. | ||
| 500 | _aMaterial fotocopiado | ||
| 901 | _a574.0182 E3 | ||
| 902 | _aM | ||
| 905 | _a0000001980 -US 0100000000ENG00 | ||
| 942 |
_cLIBRO _2ddc |
||
| 999 |
_c171826 _d171826 |
||